000 00355 a2200145 4500
005 20250629100702.0
020 _a0421292202
082 _a344.206722 DOB
100 _aDOBSON,A.P.
245 _aSale of Goods and Consumer Credit
250 _a3rd Ed.
260 _aLondon
_bSweet & maxwell
_c1984
300 _axxvii,369p.
_bIndex
_c21cm.
942 _2ddc
_cBKS
999 _c6248
_d6248